| 000 | 00888nam a2200253 a 4500 | ||
|---|---|---|---|
| 008 | |||
| 020 | _a1868143600 (pbk.) | ||
| 049 | _aMAIN | ||
| 090 |
_aHD6971 _bENG |
||
| 245 | 1 | 0 |
_aEngaging the state and business : _bthe labour movement and co-determination in contemporary South Africa / _cedited by Glenn Adler. |
| 260 |
_aJohannesburg : _bWitwatersrand University Press, _c2000. |
||
| 300 |
_axii, 258 p. ; _c22 cm. |
||
| 504 | _aIncludes bibliographical references. | ||
| 650 | 0 |
_aLabor movement _zSouth Africa. |
|
| 650 | 0 |
_aIndustrial relations _zSouth Africa. |
|
| 650 | 0 |
_aLabor policy _zSouth Africa. |
|
| 700 | 1 | _aAdler, Glenn. | |
| 710 | 2 | _aNational Labour & Economic Development Institute. | |
| 907 |
_a.b10084459 _b14-03-12 _c23-07-03 |
||
| 003 | |||
| 005 | 20230123133352.0 | ||
| 040 | _cNUST | ||
| 942 |
_cBOOKS _kHD6971 _mENG |
||
| 999 |
_c147381 _d147381 |
||